000 00640nam a2200181 i 4500
001 43651
003 ES-MaACL
005 20230906160842.0
007 t|
008 030318s1982 sp ||||1| spa d
100 1 _aCervera Pery, José.
_937642
245 1 3 _aLa estrategia naval del Imperio
_b: auge, declive y ocaso de la marina de los Austrias /
_cJosé Cervera Pery.
260 _aMadrid :
_bSan Martín,
_c[1982]
300 _a266 p., 4 lám. ;
_c21 cm.
500 _aPrecede al tít.: Instituto de Historia y Cultura Naval.
710 2 _aInstituto de Historia y Cultura Naval (Madrid)
_94957
852 _aES-MaACL
_jL-3454
_bR.104255
999 _c43651
_d43651